| LEADER | 00922nam a2200205 i 4500 | ||
|---|---|---|---|
| 003 | GR-PaULI | ||
| 005 | 20210117210517.0 | ||
| 008 | 171121s2009 gr o|||g |||| 000 0 gre d | ||
| 020 | |a 9789600804881 | ||
| 040 | |a GR-PaULI |b gre |c GR-PaULI |e AACR2 | ||
| 082 | 0 | 4 | |2 23 |a 947 |
| 100 | 1 | |9 158438 |a Βραχιώτη- Λυμπεροπούλου, Πόπη |e συγγραφέας | |
| 245 | 1 | 0 | |a Ρωσία : |b ήταν κάποτε ... η Σοβιετική Ένωση / |c Πόπη Βραχιώτου-Λυμπεροπούλου. |
| 260 | |a Αθήνα : |b Σιδέρης, |c 2009. | ||
| 300 | |a 438 σ. : |b φωτ. ; |c 24 εκ. | ||
| 651 | 4 | |9 4684 |a Ρωσία |x Ιστορία | |
| 942 | |2 ddc |c BK15 | ||
| 952 | |0 0 |1 0 |2 ddc |4 0 |6 947_000000000000000_ΒΡΑ |7 0 |9 217433 |a LISP |b LISP |c DON |d 2017-11-21 |e ΒΑΛ |i 127260 |l 0 |o 947 ΒΡΑ |p 025000244075 |r 2017-11-21 00:00:00 |t 1 |v 2017.00 |w 2017-11-21 |y BK15 | ||
| 998 | |c ΒΑΣΙΛΕΙΟΥ |d 2017-11 | ||
| 999 | |c 131800 |d 131800 | ||